| 000 | 00862nam a22002657a 4500 | ||
|---|---|---|---|
| 999 |
_c109376 _d109376 |
||
| 005 | 20200311160138.0 | ||
| 010 | _aA-794545 A-794546 | ||
| 020 | _c300.00 | ||
| 035 | _aA-794545 | ||
| 035 | _aA-794546 | ||
| 037 | _bCen Lib/Ret | ||
| 082 |
_aن _bط ا ل |
||
| 100 | _aطالسطائی، لیو | ||
| 245 |
_aجنگ اور امن / _cلیو طالسطائی [اور] مترجرشاہد حمید _b |
||
| 246 |
_aJang aur Aman / _bby Liyu Talistaiy [and] translated by Shahid Hameed |
||
| 260 |
_aلاہور _bپولیمر پبلکتیونز _c1994 ء |
||
| 270 |
_bلاہور _aراحت مارکیٹ اردو بازار |
||
| 300 |
_a(920-1782)p. _c22cm(Hb) |
||
| 650 | _aاردو ادب | ||
| 650 | _z ناول | ||
| 650 | _aUrdu literature | ||
| 650 | _aNovel | ||
| 700 | _aشاہد حمید | ||
| 942 |
_2ddc _cUR _hن _mط ا ل |
||